[Event "Vellmar op 9th"]
[Site "Vellmar"]
[Date "2017.07.16"]
[Round "7"]
[White "Vergin, Marcel"]
[Black "Oezdemir, Ali Oezden"]
[Result "1/2-1/2"]
[WhiteElo "1777"]
[BlackElo "1997"]
[PlyCount "54"]
[EventDate "2017.07.13"]
[EventType "swiss"]
[EventRounds "7"]
[EventCountry "GER"]
[SourceTitle "CBM 179 Extra"]
[Source "ChessBase"]
[SourceDate "2017.08.23"]
[SourceVersion "1"]
[SourceVersionDate "2017.08.23"]
[SourceQuality "1"]

1. d4 Nf6 2. Nf3 g6 3. Bf4 Bg7 4. Nbd2 0-0 5. e4 d6 6. h3 Nbd7 7. c3 c5 8. e5 Nd5 9. Bh2 cxd4 10. cxd4 dxe5 11. dxe5 Nc5 12. Rc1 Ne6 13. Bc4 Nb6 14. Bb3 Nd4 15. Nxd4 Qxd4 16. Nc4 Qe4+ 17. Kf1 Nxc4 18. Rxc4 Qf5 19. g4 Qd7 20. Qxd7 Bxd7 21. Rc2 Rac8 22. Rxc8 Rxc8 23. Ke2 Bb5+ 24. Ke3 e6 25. Rd1 Bf8 26. f4 Bc5+ 27. Kf3 Bc6+ 1/2-1/2

[Event "Vellmar op 9th"]
[Site "Vellmar"]
[Date "2017.07.15"]
[Round "5"]
[White "Reichelt, Ole"]
[Black "Vergin, Marcel"]
[Result "0-1"]
[WhiteElo "1736"]
[BlackElo "1777"]
[PlyCount "90"]
[EventDate "2017.07.13"]
[EventType "swiss"]
[EventRounds "7"]
[EventCountry "GER"]
[SourceTitle "CBM 179 Extra"]
[Source "ChessBase"]
[SourceDate "2017.08.23"]
[SourceVersion "1"]
[SourceVersionDate "2017.08.23"]
[SourceQuality "1"]

1. d4 Nf6 2. c4 d6 3. Nc3 Nbd7 4. e4 e5 5. d5 Nc5 6. Bd3 a5 7. Nge2 Be7 8. 0-0 0-0 9. Be3 Ne8 10. Bxc5 dxc5 11. Ng3 g6 12. Qe2 Bf6 13. Rae1 Nd6 14. Kh1 Bd7 15. Qe3 b6 16. f4 exf4 17. Qxf4 Bg5 18. Qf3 f6 19. Nge2 Qe7 20. Nf4 Rae8 21. Qg3 Bxf4 22. Qxf4 Qe5 23. Qf2 Qg5 24. Re3 Qh6 25. Rf3 f5 26. exf5 Bxf5 27. Bxf5 Nxf5 28. Nb5 Nd6 29. Nxc7 Rxf3 30. Qxf3 Re7 31. Ne6 Rf7 32. Qe2 Ne4 33. Kg1 Rxf1+ 34. Kxf1 Qc1+ 35. Qe1 Qxc4+ 36. Kg1 Qxd5 37. Nc7 Qd4+ 38. Kf1 Nd2+ 39. Ke2 Nc4 40. Qc3 Qe4+ 41. Kd1 Qb1+ 42. Ke2 Qxa2 43. Kf3 Nxb2 44. Ne8 Qf7+ 45. Nf6+ Kg7 0-1

[Event "Vellmar op 9th"]
[Site "Vellmar"]
[Date "2017.07.14"]
[Round "3"]
[White "Vergin, Marcel"]
[Black "Lange, Lars"]
[Result "0-1"]
[WhiteElo "1777"]
[BlackElo "1733"]
[PlyCount "78"]
[EventDate "2017.07.13"]
[EventType "swiss"]
[EventRounds "7"]
[EventCountry "GER"]
[SourceTitle "CBM 179 Extra"]
[Source "ChessBase"]
[SourceDate "2017.08.23"]
[SourceVersion "1"]
[SourceVersionDate "2017.08.23"]
[SourceQuality "1"]

1. d4 Nf6 2. Nf3 g6 3. Bf4 Bg7 4. Nbd2 d5 5. e3 0-0 6. Be2 c5 7. c3 Nc6 8. h4 Bg4 9. Qb3 Qb6 10. dxc5 Qxb3 11. axb3 a5 12. Nd4 Bxe2 13. Nxc6 bxc6 14. Kxe2 Nd7 15. Bc7 Nxc5 16. Bxa5 Nd7 17. h5 Ra6 18. hxg6 hxg6 19. Bb4 Rxa1 20. Rxa1 c5 21. Ba3 Ra8 22. Nf3 e6 23. Rc1 Bf8 24. Kd3 Rb8 25. Kc2 Bd6 26. Nd2 f5 27. f3 Kf7 28. Rh1 Kg7 29. Rh4 Rb7 30. e4 Be7 31. Rh1 Rb8 32. exf5 exf5 33. g4 Nf6 34. Re1 Rb7 35. g5 Nh5 36. c4 d4 37. f4 Nxf4 38. Nf3 Bd6 39. Nxd4 Re7 0-1

[Event "GER-ch U25 op-A"]
[Site "Oberhof"]
[Date "2013.05.23"]
[Round "7"]
[White "Valet, Alexander"]
[Black "Vergin, Marcel"]
[Result "1-0"]
[WhiteElo "1910"]
[BlackElo "1801"]
[PlyCount "83"]
[EventDate "2013.05.19"]
[EventType "swiss"]
[EventRounds "9"]
[EventCountry "GER"]
[SourceTitle "CBM 154 Extra"]
[Source "ChessBase"]
[SourceDate "2013.06.25"]
[SourceVersion "2"]
[SourceVersionDate "2013.06.25"]
[SourceQuality "1"]

1. e4 c5 2. Nc3 Nc6 3. d3 d6 4. g3 g6 5. Bg2 Bg7 6. f4 Nd4 7. Nf3 Nh6 8. h3 f5 9. Be3 Qa5 10. Bd2 e6 11. Ne2 Qb6 12. Nfxd4 cxd4 13. Qc1 Bd7 14. c3 Rc8 15. e5 dxe5 16. fxe5 Nf7 17. Nxd4 Nxe5 18. Qb1 Bb5 19. Nxb5 Qxb5 20. 0-0 Nxd3 21. Qc2 0-0 22. Kh2 Ne5 23. Qb3 Qd7 24. Rad1 b6 25. Bg5 Qe8 26. Rd6 Nc4 27. Rd3 h6 28. Bc1 Na5 29. Qd1 Rd8 30. Re1 e5 31. Rxd8 Qxd8 32. Bd5+ Kh7 33. b4 e4 34. bxa5 Bxc3 35. Bd2 Qxd5 36. Bxc3 Qxa2+ 37. Re2 Qc4 38. Rc2 Qa4 39. axb6 axb6 40. Be5 Qe8 41. Qd5 Rf7 42. Rc8 1-0

[Event "GER-ch U25 op-A"]
[Site "Oberhof"]
[Date "2013.05.22"]
[Round "6"]
[White "Vergin, Marcel"]
[Black "Herbrig, Marie Helen"]
[Result "1-0"]
[WhiteElo "1801"]
[BlackElo "1762"]
[PlyCount "153"]
[EventDate "2013.05.19"]
[EventType "swiss"]
[EventRounds "9"]
[EventCountry "GER"]
[SourceTitle "CBM 154 Extra"]
[Source "ChessBase"]
[SourceDate "2013.06.25"]
[SourceVersion "2"]
[SourceVersionDate "2013.06.25"]
[SourceQuality "1"]

1. d4 Nf6 2. Nf3 e6 3. e3 d5 4. Nbd2 Bd6 5. Bd3 0-0 6. 0-0 c5 7. c3 Nc6 8. dxc5 Bxc5 9. e4 Qc7 10. Qc2 Rd8 11. Re1 Ng4 12. Rf1 Nce5 13. Nxe5 Nxe5 14. Be2 b6 15. exd5 Rxd5 16. Nf3 Ng6 17. Bd3 Rb8 18. Be4 Rd7 19. Rd1 Ba6 20. Qa4 Bb5 21. Rxd7 Qxd7 22. Qb3 Ba4 23. Qc4 f5 24. Bd3 a6 25. Bf1 Ra8 26. Qd3 Qc7 27. Be3 Bd6 28. b3 Bc6 29. Rd1 Rd8 30. Qe2 e5 31. Qxa6 Rb8 32. Qd3 Be7 33. Qxf5 Rf8 34. Qe6+ Kh8 35. Be2 Rf6 36. Qc4 b5 37. Qg4 e4 38. Ng5 Ne5 39. Ne6 Nxg4 40. Nxc7 Nxe3 41. fxe3 Rf5 42. Ne6 Re5 43. Nd4 Be8 44. Rf1 g6 45. Kf2 Bg5 46. Bg4 Re7 47. Ke2 h5 48. Be6 Bh6 49. Bd5 Bd7 50. Rf7 Bg4+ 51. Kd2 Re5 52. Bc6 Rc5 53. Bxb5 Bg7 54. Bc4 Bh6 55. Be6 Rg5 56. Bxg4 Rxg4 57. Rf2 Bg5 58. a4 Kg8 59. a5 Bd8 60. a6 Rg5 61. b4 Bb6 62. c4 Re5 63. c5 Bxc5 64. bxc5 Rxc5 65. a7 Ra5 66. Nc6 Ra6 67. Kc1 Kg7 68. Kb1 g5 69. Rb2 Kf7 70. Rb8 g4 71. a8Q Rxa8 72. Rxa8 Kf6 73. Kc2 Kg5 74. Kc3 Kf5 75. Rf8+ Kg5 76. g3 h4 77. Kd4 1-0

[Event "GER-chT U12"]
[Site "Gross Doelln"]
[Date "2010.12.28"]
[Round "4.2"]
[White "Maier, Lukas"]
[Black "Vergin, Marcel"]
[Result "1-0"]
[WhiteElo "1387"]
[BlackElo "1182"]
[PlyCount "99"]
[EventDate "2010.12.27"]
[EventType "team-swiss"]
[EventRounds "7"]
[EventCountry "GER"]
[SourceTitle "CBM 140 Extra"]
[Source "ChessBase"]
[SourceDate "2011.03.01"]
[SourceVersion "1"]
[SourceVersionDate "2011.03.01"]
[SourceQuality "1"]
[WhiteTeam "Backnang U12"]
[BlackTeam "Breitenworbis U12"]
[WhiteTeamCountry "GER"]
[BlackTeamCountry "GER"]

1. d4 Nf6 2. c4 d6 3. Nf3 Nbd7 4. Nc3 e5 5. e3 c6 6. Qb3 Qa5 7. Bd2 Qc7 8. Bd3 Be7 9. 0-0 0-0 10. Rac1 Qd8 11. d5 Nc5 12. Qc2 Re8 13. e4 Bg4 14. Ne1 Bh5 15. Be3 Nxd3 16. Qxd3 h6 17. f3 c5 18. Nb5 Qd7 19. Nc2 a6 20. Nc3 Nh7 21. Ne2 b5 22. a3 Rab8 23. Rb1 Bg5 24. Ng3 Bg6 25. Rfd1 Rb7 26. b4 Bxe3+ 27. Nxe3 Rc8 28. Rbc1 Rbc7 29. Ne2 f6 30. Rc2 Be8 31. Rdc1 bxc4 32. Rxc4 Qb5 33. Nc3 Qb6 34. Qd2 Bb5 35. Nxb5 Qxb5 36. Nf5 Qb6 37. Qf2 Nf8 38. g3 Nd7 39. Ne7+ Kf8 40. Nxc8 Rxc8 41. Kg2 Kf7 42. Qc2 g5 43. Rb1 Kg6 44. bxc5 Qa7 45. cxd6 Rd8 46. Rc7 Qa8 47. Rbb7 Rc8 48. Kh3 Rxc7 49. Qxc7 Nf8 50. Qf7# 1-0